Brujería y reconstrucción de identidades entre los africanos y sus descendientes en la Nueva Granada, Siglo XVII (Registro nro. 5040)
[ vista simple ]
| 000 -CABECERA | |
|---|---|
| Longitud fija campo de control | 01421nam a2200313 i 4500 |
| 003 - • IDENTIFICADOR DELl NÚMERO DE CONTROL | |
| Identificador del número de control | CO-BoRNBP |
| 005 - • FECHA Y HORA DE LA ÚLTIMA TRANSACCIÓN | |
| Fecha y hora de la última transacción | 20220317000801.0 |
| 007 - • CAMPO FIJO DE DESCRIPCIÓN FÍSICA | |
| Campo fijo de descripción física | ta |
| 008 - • CÓDIGOS DE INFORMACIÓN DE LONGITUD FIJA | |
| Códigos de información de longitud fija | 200326s2005 ck a gr 000 0 spa d |
| 020 ## - • NÚMERO INTERNACIONAL NORMALIZADO PARA LIBROS | |
| Número Internacional Normalizado para Libros (ISBN) | 9588250048 |
| 040 ## - FUENTE DE LA CATALOGACIÓN | |
| Centro catalogador de origen | CO-BoRNBP |
| Lengua de catalogación | spa |
| Normas de descripción | rda |
| Centro transcriptor | CO-BoRNBP |
| 041 0# - • CÓDIGO DE LENGUA | |
| Código de lengua del texto/banda sonora o título independiente | spa |
| 082 04 - • NÚMERO DE LA CLASIFICACIÓN DECIMAL DEWEY | |
| Número de clasificación (R) | 909.04969861 |
| Número del ítem | M19b |
| Número de edición | 23 |
| 100 1# - • PUNTO DE ACCESO PRINCIPAL-NOMBRE DE PERSONA | |
| Nombre de persona | Maya Restrepo, Luz Adriana |
| Fechas asociadas al nombre | 1962- |
| Término indicativo de función | autora |
| 245 10 - • TITULO PROPIAMENTE DICHO | |
| Título | Brujería y reconstrucción de identidades entre los africanos y sus descendientes en la Nueva Granada, Siglo XVII |
| Mención de responsabilidad, etc. | Luz Adriana Maya Restrepo |
| 250 ## - • MENCIÓN DE EDICIÓN | |
| Mención de edición | Primera edición |
| 264 #1 - PRODUCCIÓN, PUBLICACIÓN , DISTRIBUCIÓN, FABRICACIÓN Y COPYRIGHT | |
| Lugar de producción, publicación, distribución, fabricación | Bogotá, Colombia |
| Nombre del productor, editor, distribuidor, fabricante | Ministerio de Cultura |
| Fecha de de producción, publicación, distribución, fabricación o copyright | 2005 |
| 300 ## - • DESCRIPCIÓN FÍSICA | |
| Extensión | 808 páginas |
| Otras características físicas | ilustraciones |
| Dimensiones | 22 cm |
| 336 ## - TIPO DE CONTENIDO | |
| Término de tipo de contenido | texto |
| Código de tipo de contenido | txt |
| Fuente | rdacontent |
| 337 ## - TIPO DE MEDIO | |
| Nombre del tipo de medio | sin mediación |
| Código del tipo de medio | n |
| Fuente | rdamedia |
| 338 ## - TIPO DE SOPORTE | |
| Nombre del tipo de soporte | volumen |
| Código del tipo de soporte | nc |
| Fuente | rdacarrier |
| 490 0# - • MENCIÓN DE SERIE | |
| Mención de serie | Historia |
| 505 2# - • NOTA DE CONTENIDO CON FORMATO | |
| Título (R ) | Demografía de la trata y la esclavitud en la nueva granada, siglo XVII |
| -- | Los idólatras y los cimarrones frente a la evangelización en la Nueva Granada, siglo XVII |
| -- | Brujería y reconstrucción de identidades entre los africanos y sus descendientes |
| 586 ## - • NOTA DE PREMIOS | |
| Nota de premios | Obra ganadora de los Premio Nacionales de Cultura, 2003 en el área de historia |
| 650 17 - • PUNTO DE ACCESO ADICIONAL DE MATERIA - TÉRMINO DE MATERIA | |
| Término de materia o nombre geográfico como elemento inicial | Esclavitud en Colombia |
| Subdivisión de materia general | Historia |
| Subdivisión cronológica | Siglo XVII |
| Fuente del encabezamiento o término | ARMARC |
| 650 17 - • PUNTO DE ACCESO ADICIONAL DE MATERIA - TÉRMINO DE MATERIA | |
| Término de materia o nombre geográfico como elemento inicial | Inquisición |
| Subdivisión de materia general | Historia |
| Subdivisión cronológica | Siglo XVII |
| Subdivisión geográfica | Colombia |
| Fuente del encabezamiento o término | ARMARC |
| 651 #4 - • PUNTO DE ACCESO ADICIONAL DE MATERIA - NOMBRE GEOGRÁFICO | |
| Nombre geográfico | Colombia |
| Subdivisión de materia general | Historia |
| -- | Investigaciones |
| Subdivisión cronológica | Colonia, 1550-1810 |
| 942 ## - ENTRADA DE ELEMENTOS AGREGADOS (KOHA) | |
| Fuente de clasificaión o esquema | |
| Koha [por defecto] tipo de item | LIbro |
| Perdido | Fuente de clasificación o esquema | Estado Físico | No para préstamo | Forma de adquisición | Localización permanente | Localización actual | Localización en estanterías | Fecha adquisición | Préstamos totales | Signatura completa | Código de barras | Fecha última consulta | Número de copia | Fecha del precio de reemplazo | Tipo de item de Koha |
|---|---|---|---|---|---|---|---|---|---|---|---|---|---|---|---|
| Dewey Decimal Classification | Colección General | Biblioteca Pública Cumaral - Alvaro Garzon Torres | Biblioteca Pública Cumaral - Alvaro Garzon Torres | Literatura | 08/02/2024 | NRES | CUM1466 | 08/02/2024 | Ej.1 | 08/02/2024 | LIbro | ||||
| Dewey Decimal Classification | Colección General | Biblioteca Pública Cumaral - Alvaro Garzon Torres | Biblioteca Pública Cumaral - Alvaro Garzon Torres | Literatura | 08/02/2024 | NGBOG | CUM1468 | 08/02/2024 | Ej.1 | 08/02/2024 | LIbro | ||||
| Dewey Decimal Classification | Colección General | Biblioteca Pública Cabuyaro | Biblioteca Pública Cabuyaro | General | 11/22/2023 | 986. 02 M19b | CAB000932 | 11/22/2023 | Ej.1 | 11/22/2023 | LIbro | ||||
| Dewey Decimal Classification | Colección General | Biblioteca Pública Mapiripan | Biblioteca Pública Mapiripan | General | 01/10/2024 | 909.04969861 M19b | MAP00001532 | 01/10/2024 | Ej.1 | 01/10/2024 | LIbro | ||||
| Clasificación Local Facetada | Colección General | Biblioteca Pública Puerto Concordia | Biblioteca Pública Puerto Concordia | General | 03/04/2026 | 909.04969861 M19b | PCON02492 | 03/04/2026 | Ej.1 | 03/04/2026 | LIbro | ||||
| Dewey Decimal Classification | Colección General | Biblioteca Pública Puerto Rico | Biblioteca Pública Puerto Rico | General | 02/15/2023 | 909.04969861M19b Ej.1 | PR00000711 | 02/15/2023 | Ej.1 | 02/15/2023 | LIbro | ||||
| Dewey Decimal Classification | Colección General | Biblioteca Pública Uribe - Reinerio Arenas | Biblioteca Pública Uribe - Reinerio Arenas | General | 08/20/2024 | 909.04969861 M19b | URI01177 | 08/20/2024 | Ej.1 | 08/20/2024 | LIbro |